Megamistakes : Forecasting and the myth of rapid technological change
The author identifies the most common mistakes in forecasting technological developments and provides guidelines. He considers forecasts preceding vibrant growth in computers and other major products and provides three key guidelines to reliable, lower-risk forecasting.
Đã lưu trong:
| 主要作者: | |
|---|---|
| 格式: | 圖書 |
| 語言: | Undetermined |
| 出版: |
New York
Collier Macmillan
1989
|
| 主題: | |
| 標簽: |
添加標簽
沒有標簽, 成為第一個標記此記錄!
|
| Thư viện lưu trữ: | Trung tâm Học liệu Trường Đại học Cần Thơ |
|---|
| LEADER | 00863nam a2200205Ia 4500 | ||
|---|---|---|---|
| 001 | CTU_218379 | ||
| 008 | 210402s9999 xx 000 0 und d | ||
| 082 | |a 658.401 | ||
| 082 | |b S357 | ||
| 100 | |a Schnaars, Steven P. | ||
| 245 | 0 | |a Megamistakes : | |
| 245 | 0 | |b Forecasting and the myth of rapid technological change | |
| 245 | 0 | |c Steven P. Schnaars | |
| 260 | |a New York | ||
| 260 | |b Collier Macmillan | ||
| 260 | |c 1989 | ||
| 520 | |a The author identifies the most common mistakes in forecasting technological developments and provides guidelines. He considers forecasts preceding vibrant growth in computers and other major products and provides three key guidelines to reliable, lower-risk forecasting. | ||
| 650 | |a Technological forecasting,Dự báo công nghệ | ||
| 904 | |i Qhieu | ||
| 980 | |a Trung tâm Học liệu Trường Đại học Cần Thơ | ||